REGLAMENTO DE LOS SERVICIOS BIBLIOTECARIOS (Registro nro. 56258)
[ vista simple ]
| 000 -LEADER | |
|---|---|
| fixed length control field | 00641nam a2200193 a 4500 |
| 001 - CONTROL NUMBER | |
| control field | 56258 |
| 005 - DATE AND TIME OF LATEST TRANSACTION | |
| control field | 20180714051931.0 |
| 008 - FIXED-LENGTH DATA ELEMENTS--GENERAL INFORMATION | |
| fixed length control field | 140415s1992 mx 000 0 spa d |
| 020 ## - INTERNATIONAL STANDARD BOOK NUMBER | |
| International Standard Book Number | 9682907020 |
| 041 ## - LANGUAGE CODE | |
| Language code of text/sound track or separate title | spa |
| 082 ## - DEWEY DECIMAL CLASSIFICATION NUMBER | |
| Classification number | 025.56 |
| Item number | DIR |
| 110 1# - MAIN ENTRY--CORPORATE NAME | |
| Corporate name or jurisdiction name as entry element | Dirección General de Bibliotecas,. |
| 245 10 - TITLE STATEMENT | |
| Title | REGLAMENTO DE LOS SERVICIOS BIBLIOTECARIOS |
| 250 ## - EDITION STATEMENT | |
| Edition statement | 1a ed. |
| 260 ## - PUBLICATION, DISTRIBUTION, ETC. | |
| Place of publication, distribution, etc. | MEXICO : |
| Name of publisher, distributor, etc. | CONSEJO NACIONAL PARA LA CULTURA Y LAS ARTES, |
| Date of publication, distribution, etc. | 1992 |
| 300 ## - PHYSICAL DESCRIPTION | |
| Extent | 60 |
| Dimensions | 15 x 0.2 x 21.5 |
| 520 ## - SUMMARY, ETC. | |
| Summary, etc. | REGLAMENTO QUE SE DEBE LLEVAR A CABO EN TODA LA RED NACIONAL DE BIBLIOTECAS PUBLICAS |
| 650 14 - SUBJECT ADDED ENTRY--TOPICAL TERM | |
| Topical term or geographic name entry element | BIBLIOTECAS |
| General subdivision | REGLAMENTOS |
| Withdrawn status | Lost status | Source of classification or shelving scheme | Damaged status | Not for loan | Collection code | Home library | Current library | Shelving location | Date acquired | Source of acquisition | Total Checkouts | Full call number | Barcode | Price effective from | Koha item type |
|---|---|---|---|---|---|---|---|---|---|---|---|---|---|---|---|
| Dewey Decimal Classification | Consulta en sala | Referencia | Biblioteca Karol Wojtyla | Biblioteca Karol Wojtyla | Referencia | 03/12/2013 | Compra | '025.56 DIR | 84848 | 11/07/2018 | Folleto |